Le plus grande ville commençant par T dans ce pays - Statistiques

Statistiques générales
  • Ce quiz a été pris 301 fois
  • Le résultat moyen est 11 sur 18
Statistiques - réponses
Pays T-ville % Correct
France Toulouse
92%
Canada Toronto
90%
Estonie Tallinn
86%
Albanie Tirana
86%
Italie Turin
86%
Iran Téhéran
84%
Georgie Tbilissi
77%
Israel Tel Aviv
77%
Maroc Tanger
67%
Ouzbekistan Tachkent
65%
Gréce Thessalonique
60%
Mali Tombouctou
53%
Bhoutan Thimphou
52%
Mexique Tijuana
49%
Chine Tianjin
38%
Finlande Tampere
30%
États-Unis Tucson
25%
Brésil Teresina
7%
Aucun quiz correspondant
Distribution des résultats
% des personnes avec chaque résultat
Percentile par nombre de réponses
Votre historique - résultats
Vous n’avez pas pris ce quiz